|
|
|
|
| LEADER |
00000cam a2200000 a 4500 |
| 001 |
vtls001346068 |
| 003 |
SK-MaSNL |
| 005 |
20260302000015.0 |
| 008 |
240709s1998 xo a ar 000 j slo |
| 015 |
|
|
|a SNBA1999/02-00445
|
| 020 |
|
|
|a 8071349062
|
| 035 |
|
|
|a SNK000299306
|
| 035 |
|
|
|a urn:nbn:sk:snk-amthtj
|
| 035 |
|
|
|a urn:nbn:sk:snk-am00c4lh
|
| 035 |
|
|
|a 66374C43-A39A-4298-8B85-21BDEB37C84C
|
| 040 |
|
|
|a SNK
|b slo
|c SNK
|e AACR2
|
| 041 |
1 |
|
|a slo
|h eng
|
| 044 |
|
|
|a xo
|c SK
|
| 072 |
|
7 |
|a 821-93
|x Literatúra pre deti a mládež (beletria)
|2 konspekt
|
| 080 |
|
|
|a 820 (73)-3(087.5)
|2 1981
|
| 080 |
|
|
|a 821-34
|2 2011
|
| 080 |
|
|
|a 82-34:808.1
|2 2011
|
| 080 |
|
|
|a 82-93-053.4/.5
|2 2011
|
| 080 |
|
|
|a (0.025.2)
|2 2011
|
| 110 |
2 |
|
|a Fisher-Price (firma)
|4 aut
|4 ill
|9 34206
|
| 245 |
1 |
0 |
|a Rozprávky na dobrú noc
|c Fisher-Price ; preklad Dáša Zvončeková
|
| 260 |
|
|
|a Bratislava
|b Egmont Neografia
|c 1998
|
| 300 |
|
|
|a 48 s.
|b farebné ilustrácie
|c 26 cm
|
| 490 |
1 |
|
|a Hrajme sa!
|
| 500 |
|
|
|a Ilustrácia na titulnej strane
|
| 500 |
|
|
|a Pravdepodobne preložené z angličtiny
|
| 655 |
|
7 |
|a rozprávky
|2 SNKPH
|9 70597
|
| 655 |
|
7 |
|a autorské rozprávky
|2 SNKPH
|9 70727
|
| 655 |
|
7 |
|a literatúra pre deti
|2 SNKPH
|9 87135
|
| 655 |
|
7 |
|a ilustrované publikácie
|2 SNKPH
|9 109406
|
| 700 |
1 |
|
|a Zvončeková, Dáša,
|d 1953-2024
|4 trl
|9 103285
|
| 830 |
|
0 |
|a Hrajme sa!
|9 386149
|
| 852 |
|
|
|a Slovenská národná knižnica
|
| 919 |
|
|
|a 80-7134-906-2
|
| 954 |
|
|
|a beletria cudzojazyčná (svetová)
|2 lita
|
| 958 |
|
|
|a LX
|
| 958 |
|
|
|a DB
|
| 958 |
|
|
|a UP
|
| 968 |
|
|
|b ENG
|
| 999 |
|
|
|c 977597
|d 979527
|
| 952 |
|
|
|t P60, <03>, [BOOK], {603}
|a SNK
|b SNK
|y PREZ
|7 0
|p 17A0165522
|o snkSB 59455
|i snkKSP 9903/98
|0 0
|1 0
|4 0
|d 1998-10-27
|f 1
|l 0
|r 2017-06-30 00:00:00
|w 2026-02-24
|
| 952 |
|
|
|t P60, <04>, [BOOK], {604}
|a SNK
|b SNK
|y VYP
|7 0
|p 17A0165523
|o snkSB 59455 D1
|i snkKSP 9904/98
|0 0
|1 0
|4 0
|d 1998-10-27
|l 0
|r 2005-01-02 00:00:00
|w 2026-02-24
|